000 00529nmm a2200169Ia 4500
008 251105s9999||||xx |||||||||||||||||und||
020 _a8477333084
041 _aspa
100 _aPollard, Sidney
245 0 _aLa conquista pacífica : la industrialización de Europa, 1760-1970
264 _a[Madrid, España] :
_bPrensas Universitarias de Zaragoza,
_c1991
300 _a467 páginas
490 _aCiencias sociales
650 _aHistory of Europe
856 _uhttps://public.digitaliapublishing.com/a/2103
942 _cCF
999 _c73386
_d73386